000 00290nam a22001217a 4500
008 181015b xxu||||| |||| 00| 0 eng d
041 _aeng
080 _a591
100 _a7
101 _aZOO
245 _aClinical Trials with Therapeutic Drugs in Animals
_cPowers,Th.E
942 _2udc
_cBK
999 _c49627
_d49627